000 00912cam a22002651 4500
001 16001099
003 ARRUPE
005 20141211110450.0
008 091130s1959 enk b 100 0 eng
010 _a 61046686
040 _aDLC
_cDLC
_dDLC
043 _af------
050 0 0 _aDT1
_b.C59 1957c
111 2 _aConference on History and Archaeology in Africa
_n(2nd :
_d1957 :
_cUniversity of London) [from old catalog]
_913340
245 1 0 _aHistory and archaeology In Africa.
_cEdited by D. H. Jones.
260 _a[London]
_bSchool of Oriental and African Studies, University of London,
_c1959.
300 _a58 p.
_c25 cm.
504 _aBibliographical footnotes.
651 0 _aAfrica
_xHistory
_vCongresses.
_913341
700 1 _aJones, D. H.,
_eed.
_913342
906 _a0
_bcbc
_cpremunv
_du
_encip
_f19
_gy-gencatlg
942 _2lcc
_cSPC
999 _c121477
_d121477